| 000 | 00356 a2200121 4500 | ||
|---|---|---|---|
| 001 | ART_14790 | ||
| 005 | 20260410161913.0 | ||
| 008 | 260409a | ||
| 245 | 1 | 0 | _aMacroeconomic adjustment processes |
| 100 | 1 | _aHelliwell, John F. | |
| 700 | 1 | _aHiggins, C. I. | |
| 773 | 0 |
_tEuropean economic review _g- Vol. 7, NÂș 3 (abr. 1976) _wREV13346 |
|
| 999 |
_c27037 _d27037 |
||